Statistics for Every NBA Player who has received MVP Votes

Click here to take the quiz!

General Stats

  • This quiz has been taken 829 times
    (745 since last reset)
  • The average score is 109 of 289

Answer Stats

# of Years Votes Were ReceivedPlayer% Correct
19Lebron James
99%
12Michael Jordan
96%
13Kobe Bryant
95%
17Kareem Abdul Jabbar
94%
14Shaquille O'Neal
92%
12Magic Johnson
91%
10Jerry West
90%
10Kevin Durant
90%
9Stephen Curry
90%
12Larry Bird
88%
16Tim Duncan
87%
15Karl Malone
86%
11Moses Malone
86%
8Russell Westbrook
86%
11Wilt Chamberlain
86%
9James Harden
85%
4Dennis Johnson
83%
12Dirk Nowitzki
83%
2Gus Johnson
83%
2Joe Johnson
83%
5Kevin Johnson
83%
5Marques Johnson
83%
6Scottie Pippen
83%
1Steve Johnson
83%
12Bill Russell
82%
1Cazzie Russell
82%
6Giannis Antetokounmpo
82%
8Julius Erving
82%
13Hakeem Olajuwon
81%
5Nikola Jokić
81%
6Dwyane Wade
80%
8Steve Nash
80%
10David Robinson
79%
10Kevin Garnett
79%
1Klay Thompson
79%
8Allen Iverson
78%
1Glenn Robinson
78%
1Mychal Thompson
78%
3Truck Robinson
78%
3David Thompson
77%
11Isiah Thomas
77%
11Chris Paul
76%
12John Stockton
76%
7Tony Parker
76%
12Charles Barkley
75%
3Luka Doncic
75%
6Kawhi Leonard
74%
1Draymond Green
73%
1Rickey Green
73%
2Lucius Allen
72%
2Ray Allen
72%
4Anthony Davis
71%
2Baron Davis
71%
4Dennis Rodman
71%
2Walter Davis
71%
6Carmelo Anthony
70%
3Derrick Rose
70%
1Jalen Rose
70%
11Oscar Robertson
70%
5Paul Pierce
70%
1Alvin Robertson
69%
4Joel Embiid
69%
8Patrick Ewing
69%
1Manu Ginobili
68%
2Manu Ginóbili
68%
2Chris Bosh
67%
1Jermaine O'Neal
67%
1Fred Carter
66%
1John Wall
66%
2Paul George
66%
4Vince Carter
66%
5Buck Williams
65%
5Damian Lillard
65%
2Deron Williams
65%
1Elmore Smith
65%
3Gus Williams
65%
8Jason Kidd
65%
1Kenny Smith
65%
1Phil Smith
65%
1Randy Smith
65%
1Ray Williams
65%
2Steve Smith
65%
2Marc Gasol
63%
7Clyde Drexler
62%
8Bob Cousy
61%
2Jayson Tatum
61%
2Reggie Miller
61%
6Tracy McGrady
61%
5Dwight Howard
60%
8Gary Payton
59%
2Fred Brown
58%
3Kevin McHale
58%
1P.J. Brown
58%
3Anfernee Hardaway
57%
4Tim Hardaway
57%
3Ben Wallace
56%
3Bill Walton
56%
2Rasheed Wallace
56%
6Bob Love
55%
8John Havlicek
55%
2Kevin Love
55%
7Dominique Wilkins
54%
2Lenny Wilkens
54%
2Mark Jackson
54%
3Sam Jones
54%
1Stephen Jackson
54%
9Elgin Baylor
53%
3Blake Griffin
52%
9Bob Pettit
52%
4Alonzo Mourning
51%
4Chauncey Billups
51%
1James Worthy
51%
2Yao Ming
51%
2Jimmy Butler
50%
5Robert Parish
50%
3DeMar DeRozan
49%
1Dikembe Mutombo
49%
4Joe Dumars
48%
4Shawn Kemp
48%
7George Gervin
47%
5Amar'e Stoudemire
46%
5Chris Webber
46%
5Pete Maravich
45%
5Wes Unseld
44%
2Jo Jo White
43%
1Kyle Lowry
43%
4Bob McAdoo
42%
2Rajon Rondo
42%
1Antoine Walker
41%
1Chet Walker
41%
5Grant Hill
41%
3Willis Reed
41%
6Alex English
40%
2Chris Mullin
40%
7Elvin Hayes
40%
1Ja Morant
40%
2Joakim Noah
39%
2Rudy Gobert
39%
6Walt Frazier
39%
5Rick Barry
38%
6Bernard King
37%
1Arvydas Sabonis
36%
1Bill Laimbeer
36%
1Ben Simmons
35%
5Dave Cowens
35%
2Peja Stojaković
31%
3LaMarcus Aldridge
30%
4Mark Price
30%
1Al Jefferson
27%
2Gilbert Arenas
27%
2Shawn Marion
27%
5Adrian Dantley
26%
2Glen Rice
26%
1Red Kerr
26%
6Tiny Archibald
26%
6Dolph Schayes
25%
3Earl Monroe
25%
1Latrell Sprewell
25%
1Mike Conley
25%
3Mitch Richmond
25%
1Pascal Siakam
24%
1Julius Randle
23%
5Paul Arizin
23%
1Michael Redd
21%
6Nate Thurmond
21%
1Terry Porter
21%
3Artis Gilmore
20%
1Bill Bradley
20%
1Brandon Roy
20%
2Carlos Boozer
20%
4Billy Cunningham
19%
1Detlef Schrempf
19%
3Jerry Lucas
19%
3Maurice Lucas
19%
1Mike Bibby
19%
1Ralph Sampson
19%
1Rik Smits
19%
5Sidney Moncrief
19%
2Tom Chambers
19%
6Bob Lanier
18%
5Dave Bing
18%
3Dave DeBusschere
18%
2Elton Brand
18%
1Hal Greer
18%
2Mark Eaton
18%
1Michael Adams
18%
2Micheal Ray Richardson
18%
1Clyde Lee
17%
1David Lee
17%
3Mark Aguirre
17%
1Andrei Kirilenko
16%
1Antawn Jamison
16%
1Michael Cooper
16%
1Sam Cassell
16%
1Gail Goodrich
15%
3Brad Daugherty
14%
1Kevin Willis
14%
2Tom Heinsohn
14%
1Victor Oladipo
14%
3World B. Free
14%
2Bill Sharman
13%
2Jerry Stackhouse
13%
1Dan Issel
12%
5Jack Sikma
12%
3Michael Finley
12%
1Rolando Blackman
12%
1Larry Nance
11%
1Marcus Camby
11%
1Vin Baker
11%
3Walt Bellamy
11%
2Connie Hawkins
10%
2Fat Lever
10%
4Spencer Haywood
10%
1Danny Manning
9%
1Doug Collins
9%
1Goran Dragić
9%
3Jamaal Wilkes
8%
1Jamal Mashburn
8%
1Kiki Vandeweghe
8%
2Lou Hudson
8%
2Neil Johnston
8%
2Rudy Tomjanovich
8%
4Terry Cummings
8%
2Bob Dandridge
7%
4Jack Twyman
7%
2Norm Nixon
7%
2Paul Westphal
7%
2Anthony Mason
6%
2Darrell Armstrong
6%
2George McGinnis
6%
1Mookie Blaylock
6%
1Rod Strickland
6%
1Archie Clark
5%
2George Yardley
5%
1Joe Barry Carroll
5%
1Otto Moore
5%
2Paul Silas
5%
2Phil Ford
5%
1Bailey Howell
4%
1Bill Bridges
4%
1Cedric Ceballos
4%
4Cliff Hagan
4%
1Jerry Sloan
4%
1Reggie Theus
4%
1Tom Gugliotta
4%
1Vern Mikkelsen
4%
1Andrew Toney
3%
2Clifford Ray
3%
4Norm Van Lier
3%
1Otis Birdsong
3%
4Richie Guerin
3%
1Ty Lawson
3%
2Clyde Lovellette
2%
3Dan Roundfield
2%
1Jay Vincent
2%
2Jeff Ruland
2%
1John Drew
2%
1Kelly Tripucka
2%
1Larry Drew
2%
3Maurice Stokes
2%
1Purvis Short
2%
3Sidney Wicks
2%
1Terrell Brandon
2%
1Calvin Natt
1%
1Dick McGuire
1%
3Gene Shue
1%
1Harry Gallatin
1%
1Joe Caldwell
1%
1Larry Costello
1%
1Marvin Webster
1%
2Paul Pressey
1%
3Phil Chenier
1%
1Sam Lacey
1%
1Terry Dischinger
1%
3Tom Gola
1%
1Walt Hazzard
1%
1Wayne Embry
1%
2Willie Naulls
1%
1Al Bianchi
0%
1Alton Lister
0%
2Jim Chones
0%
1John Barnhill
0%
1Kelvin Ransey
0%
4Kenny Sears
0%
2Mel Hutchins
0%
1Mike Bantom
0%
1Ray Felix
0%
1Steve Mix
0%
2Walter Dukes
0%

Score Distribution

Percentile by Number Answered

Percent of People with Each Score

Your Score History

You have not taken this quiz since the last reset